• 首页
  • 本馆介绍
  • 公告通知
  • 最新文献
  • 馆藏检索
  • 电子资源
  • 读者导购
  • 参考咨询
  • 我的图书馆
  • 登录
  • 详细信息显示
  • 放入我的书架
  • 预约/预借图书
  • 作者相关作品
  • 分类相关作品
  • 丛书相关作品
  • 出版社相关作品

书目信息

  • 表格格式
  • 工作单格式
  • 卡片格式
题名:
中国高校博览
    
 
作者: 罗俊锋 主编
分册:  
出版信息: 北京   中国文联出版公司  1999.11
页数: 659页
开本: 16开
丛书名:
单 册:
中图分类: G649.28
科图分类:
主题词: 各级 , 教育
电子资源:
ISBN: 7-5059-3228-4
000 00572nam0 2200205 45
001 0111200999
005 20031219104051.7
010    @a7-5059-3228-4@b精装@dCNY238.00
100    @a20011120d1999 km y0chiy0120 ea
101 0  @achi
105    @a z 000yy
200 1  @a中国高校博览@AZhong Guo Gao Xiao Bo Lan@f罗俊锋主编@FLuo Jun Feng Zhu Bian
210    @a北京@c中国文联出版公司@d1999.11
215    @a659页@d16开
606 0  @x各级
606 0  @a教育
690    @aG649.28@v4
701    @a罗俊锋@4主编
801    @aCN@bTSTC@c20011120
905    @f2@b301141-142@dG649.28@e145
    
    中国高校博览/罗俊锋主编.-北京:中国文联出版公司,1999.11
    659页;16开
    
    
    ISBN 7-5059-3228-4(精装):CNY238.00
    
●
相关链接 在E读中查询图书 在五车中查询图书 在当当中查询图书 在豆瓣中查询图书


正题名:中国高校博览     索取号:G649.28/145         预约/预借

序号 登录号 条形码 馆藏地/架位号 状态 备注
1 0301141   203011418   密集书库/ [索取号:G649.28/145] 在馆    
2 0301142   203011427   第一样本阅览室/ [索取号:G649.28/145] 在馆    
3 0333966   203339663   第四借阅区/ [索取号:G649.28/145] 在馆    
4 0333967   203339672   密集书库/ [索取号:G649.28/145] 在馆    
5 0333968   203339681   第四借阅区/ [索取号:G649.28/145] 在馆    
唐山师范学院图书馆 欢迎您!
大连网信软件有限公司© 版权所有